|
|
|
|
| LEADER |
00864aam a22002658a 4500 |
| 001 |
00029440 |
| 005 |
20171026081022.0 |
| 008 |
120801s2012 ||||||viesd |
| 020 |
# |
# |
|a 9786049282195
|
| 041 |
0 |
# |
|a vie
|
| 082 |
1 |
4 |
|a 398.209 597
|b V300GI
|
| 100 |
1 |
# |
|a Nguyễn, Khắc Xương
|
| 245 |
1 |
0 |
|a Ví dao duyên nam nữ đối ca
|c Nguyễn Khắc Xương
|
| 260 |
# |
# |
|a H.
|b Thời đại
|c 2012
|
| 300 |
# |
# |
|a 538 tr.
|c 21 cm.
|
| 500 |
# |
# |
|a ĐTTS ghi: Hội văn nghệ dân gian Việt Nam
|
| 541 |
# |
# |
|a Tặng
|
| 653 |
# |
# |
|a Văn học dân gian
|
| 653 |
# |
# |
|a Hát ví
|
| 653 |
# |
# |
|a Nghiên cứu văn học
|
| 653 |
# |
# |
|a Việt Nam
|
| 852 |
# |
# |
|b Kho đọc
|j KD.0013758
|
| 852 |
# |
# |
|j KD.0013758
|
| 910 |
0 |
# |
|d 6/8/2012
|a kchi
|
| 980 |
# |
# |
|a Trung tâm Học liệu Lê Vũ Hùng, Trường Đại học Đồng Tháp
|